[Event "Benidorm op U2300 10th"]
[Site "Benidorm"]
[Date "2011.12.09"]
[Round "9"]
[White "Permuy Lorenzo, Carlos Javier"]
[Black "Diaz Velandia, Jose Manuel"]
[Result "1/2-1/2"]
[WhiteElo "2290"]
[BlackElo "2111"]
[PlyCount "68"]
[EventDate "2011.12.02"]
[EventType "swiss"]
[EventRounds "10"]
[EventCountry "ESP"]
[SourceTitle "CBM 145 Extra"]
[Source "ChessBase"]
[SourceDate "2012.01.03"]
[SourceVersion "1"]
[SourceVersionDate "2012.01.03"]
[SourceQuality "1"]

1. c4 e6 2. g3 c5 3. Bg2 Nc6 4. Nf3 d5 5. 0-0 Nf6 6. cxd5 exd5 7. d4 c4 8. Nc3 Bb4 9. Ne5 0-0 10. Bg5 Be6 11. Qa4 Qa5 12. Nxc6 Qxa4 13. Nxa4 bxc6 14. Bxf6 gxf6 15. b3 cxb3 16. axb3 Bf5 17. Rfc1 Rfc8 18. Ra2 Rab8 19. f3 Rb5 20. e4 dxe4 21. fxe4 Be6 22. Bf1 Bxb3 23. Bxb5 Bxa2 24. Rxc6 Rxc6 25. Bxc6 Bb3 26. Kf2 Bxa4 27. Bxa4 Kf8 28. Ke3 Ke7 29. Kd3 Kd6 30. Bb3 Ke7 31. Kc4 Ba3 32. Kb5 h6 33. g4 Bb2 34. Kc5 Bc3 1/2-1/2

[Event "Dos Hermanas Internet qual-E 10th"]
[Site "ICC INT"]
[Date "2009.03.15"]
[Round "7"]
[White "Permuy Lorenzo, Carlos Javier"]
[Black "Prasca Sosa, Rafael Felipe"]
[Result "1-0"]
[WhiteElo "2300"]
[BlackElo "2415"]
[PlyCount "111"]
[EventDate "2009.03.15"]
[EventType "swiss (blitz)"]
[EventRounds "12"]
[EventCountry "ESP"]
[SourceTitle "CBM 129 Extra"]
[Source "ChessBase"]
[SourceDate "2009.05.05"]
[SourceVersion "2"]
[SourceVersionDate "2009.05.20"]
[SourceQuality "1"]

1. e4 c5 2. Nf3 Nc6 3. d4 cxd4 4. Nxd4 e5 5. Nb5 d6 6. N5c3 Be7 7. Bc4 Be6 8. Bxe6 fxe6 9. Qh5+ g6 10. Qh3 Qd7 11. 0-0 Nf6 12. Bh6 Nd4 13. Na3 a6 14. Rfe1 b5 15. Ne2 Nc6 16. c3 Kf7 17. Ng3 Rhe8 18. Rad1 Kg8 19. Nc2 Rad8 20. Bg5 d5 21. Ne3 d4 22. Ng4 Nxg4 23. Qxg4 Bxg5 24. Qxg5 Qe7 25. Qg4 Qg7 26. Rd3 Na5 27. cxd4 exd4 28. e5 Nc6 29. Qe4 Rd5 30. Ne2 Qxe5 31. Qxe5 Rxe5 32. f4 Rd5 33. Red1 Red8 34. a3 Kf7 35. g3 Kf6 36. Kf2 Kf5 37. Kf3 e5 38. g4+ Ke6 39. Ke4 Kd6 40. f5 Na5 41. Nc3 Rc5 42. b4 Rxc3 43. Rxc3 Nc4 44. Rf3 gxf5+ 45. gxf5 Ke7 46. f6+ Kf7 47. Rg1 Nd2+ 48. Kf5 Nxf3 49. Rg7+ Kf8 50. Ke6 Re8+ 51. Kf5 d3 52. Rxh7 d2 53. Kg6 Nh4+ 54. Rxh4 Kg8 55. Rh7 Kf8 56. Rg7 1-0

[Event "Dos Hermanas Internet qual-E 10th"]
[Site "ICC INT"]
[Date "2009.03.15"]
[Round "8"]
[White "Van Rensburg, Ryan Pierre"]
[Black "Permuy Lorenzo, Carlos Javier"]
[Result "1-0"]
[WhiteElo "1963"]
[BlackElo "2300"]
[PlyCount "41"]
[EventDate "2009.03.15"]
[EventType "swiss (blitz)"]
[EventRounds "12"]
[EventCountry "ESP"]
[SourceTitle "CBM 129 Extra"]
[Source "ChessBase"]
[SourceDate "2009.05.05"]
[SourceVersion "2"]
[SourceVersionDate "2009.05.20"]
[SourceQuality "1"]

1. d4 f5 2. h3 Nf6 3. g4 fxg4 4. hxg4 d5 5. Qd3 Bxg4 6. Bg5 Nbd7 7. Nc3 c6 8. 0-0-0 Qa5 9. Kb1 0-0-0 10. f3 Bh5 11. Bh3 Bg6 12. Qd2 Kb8 13. Be6 Ka8 14. b3 Nb6 15. f4 Ne4 16. Nxe4 Qxd2 17. Nxd2 h6 18. Ngf3 Rd6 19. f5 Bh7 20. Bf4 Rd8 21. Ne5 1-0

[Event "Dos Hermanas Internet qual-E 10th"]
[Site "ICC INT"]
[Date "2009.03.15"]
[Round "4"]
[White "Zubarev, Alexander2222"]
[Black "Permuy Lorenzo, Carlos Javier"]
[Result "1-0"]
[WhiteElo "2566"]
[BlackElo "2300"]
[PlyCount "99"]
[EventDate "2009.03.15"]
[EventType "swiss (blitz)"]
[EventRounds "12"]
[EventCountry "ESP"]
[SourceTitle "CBM 129 Extra"]
[Source "ChessBase"]
[SourceDate "2009.05.05"]
[SourceVersion "2"]
[SourceVersionDate "2009.05.20"]
[SourceQuality "1"]

1. d4 f5 2. Nf3 Nf6 3. g3 g6 4. Bg2 Bg7 5. 0-0 0-0 6. b3 d6 7. Nbd2 Qe8 8. Re1 e5 9. dxe5 dxe5 10. e4 f4 11. h3 fxg3 12. fxg3 Nh5 13. Kh2 Nc6 14. Nc4 Be6 15. Ne3 Rd8 16. Nd5 h6 17. Ba3 Rf7 18. c3 Rfd7 19. Nh4 Kh7 20. Qe2 Ne7 21. Bxe7 Rxe7 22. Nxe7 Qxe7 23. Rad1 Rxd1 24. Rxd1 Qg5 25. Qf2 Nf6 26. Qxa7 Bf8 27. Qf2 Be7 28. Qf3 h5 29. Bf1 Kh6 30. Bc4 Bc8 31. Bf7 Ng4+ 32. hxg4 Bxg4 33. Qd3 Bxd1 34. Qxd1 Qf6 35. Qf3 Qd6 36. Bxg6 Bxh4 37. Qxh5+ Kg7 38. Qh7+ Kf6 39. Qf7+ Kg5 40. gxh4+ Kxh4 41. Qh7+ Kg5 42. Qh5+ Kf6 43. Qf5+ Kg7 44. Bh5 Qd2+ 45. Kh3 Qxc3+ 46. Bf3 Qb2 47. Qd7+ Kf6 48. Qxc7 Qxa2 49. Qd6+ Kf7 50. Qd7+ 1-0

[Event "Dos Hermanas Internet qual-A 10th"]
[Site "ICC INT"]
[Date "2009.03.13"]
[Round "11"]
[White "Permuy Lorenzo, Carlos Javier"]
[Black "Manotas, S Franklin"]
[Result "1-0"]
[WhiteElo "2300"]
[BlackElo "2002"]
[PlyCount "41"]
[EventDate "2009.03.13"]
[EventType "swiss (blitz)"]
[EventRounds "12"]
[EventCountry "ESP"]
[SourceTitle "CBM 129 Extra"]
[Source "ChessBase"]
[SourceDate "2009.05.05"]
[SourceVersion "2"]
[SourceVersionDate "2009.05.20"]
[SourceQuality "1"]

1. e4 Nf6 2. e5 Nd5 3. c4 Nb6 4. d4 d6 5. f4 dxe5 6. fxe5 Nc6 7. Be3 Bf5 8. Nc3 e6 9. Nf3 Be7 10. d5 exd5 11. cxd5 Nb4 12. Nd4 Bd7 13. e6 fxe6 14. dxe6 Bc6 15. Qg4 Bh4+ 16. g3 Bxh1 17. 0-0-0 0-0 18. gxh4 Qe7 19. Nf5 Qf6 20. Bd4 Qh6+ 21. Nxh6+ 1-0

[Event "Pontevedra op 21st"]
[Site "Pontevedra"]
[Date "2008.08.18"]
[Round "9"]
[White "Alonso Macias, Victor"]
[Black "Permuy Lorenzo, Carlos Javier"]
[Result "1/2-1/2"]
[WhiteElo "1977"]
[BlackElo "2335"]
[PlyCount "52"]
[EventDate "2008.08.10"]
[EventType "swiss"]
[EventRounds "9"]
[EventCountry "ESP"]
[SourceTitle "CBM 125 Extra"]
[Source "ChessBase"]
[SourceDate "2008.09.01"]
[SourceVersion "1"]
[SourceVersionDate "2008.09.01"]
[SourceQuality "1"]

1. e4 c5 2. Nf3 Nc6 3. d4 cxd4 4. Nxd4 e5 5. Nb5 d6 6. c4 Be6 7. N1c3 a6 8. Na3 Be7 9. Nc2 Rc8 10. b3 Nf6 11. Bb2 Qa5 12. Qd2 0-0 13. g3 b5 14. cxb5 axb5 15. Bg2 Rfd8 16. Nd5 Qxd2+ 17. Kxd2 Bxd5 18. exd5 Nb8 19. Nb4 Nfd7 20. h4 Nb6 21. Rhc1 f5 22. Rxc8 Rxc8 23. Rc1 Rc5 24. Rxc5 dxc5 25. Bxe5 N8d7 26. Nc6 Bf8 1/2-1/2

[Event "Pontevedra op 21st"]
[Site "Pontevedra"]
[Date "2008.08.17"]
[Round "8"]
[White "Permuy Lorenzo, Carlos Javier"]
[Black "Carrasco Solla, Andres"]
[Result "1-0"]
[WhiteElo "2335"]
[BlackElo "1972"]
[PlyCount "71"]
[EventDate "2008.08.10"]
[EventType "swiss"]
[EventRounds "9"]
[EventCountry "ESP"]
[SourceTitle "CBM 125 Extra"]
[Source "ChessBase"]
[SourceDate "2008.09.01"]
[SourceVersion "1"]
[SourceVersionDate "2008.09.01"]
[SourceQuality "1"]

1. c4 e5 2. Nc3 Nc6 3. g3 g6 4. Bg2 Bg7 5. Rb1 d6 6. b4 f5 7. Qa4 Qd7 8. Nd5 Nf6 9. b5 Nd8 10. Qa5 Nxd5 11. cxd5 0-0 12. Bb2 b6 13. Qb4 f4 14. Rc1 Nb7 15. Nf3 h6 16. Qc4 fxg3 17. hxg3 Nc5 18. d4 e4 19. Nd2 e3 20. fxe3 Qg4 21. Kd1 Qxg3 22. Bf3 a6 23. dxc5 Bxb2 24. Rb1 axb5 25. Qb3 Bg7 26. c6 Bg4 27. Nf1 Qe5 28. Bxg4 Qe4 29. Be6+ Kh7 30. Rg1 Ra3 31. Qxa3 Qxb1+ 32. Qc1 Qxa2 33. Nd2 Qa4+ 34. Qc2 Qa1+ 35. Qb1 Qf6 36. Nf3 1-0

[Event "Pontevedra op 21st"]
[Site "Pontevedra"]
[Date "2008.08.15"]
[Round "6"]
[White "Permuy Lorenzo, Carlos Javier"]
[Black "Salgado Gonzalez, Julio"]
[Result "1-0"]
[WhiteElo "2335"]
[BlackElo "1916"]
[PlyCount "83"]
[EventDate "2008.08.10"]
[EventType "swiss"]
[EventRounds "9"]
[EventCountry "ESP"]
[SourceTitle "CBM 125 Extra"]
[Source "ChessBase"]
[SourceDate "2008.09.01"]
[SourceVersion "1"]
[SourceVersionDate "2008.09.01"]
[SourceQuality "1"]

1. f4 Nc6 2. Nf3 Nf6 3. b3 d5 4. Bb2 Bf5 5. e3 a6 6. Be2 h6 7. 0-0 e6 8. Ne5 Bd6 9. Nxc6 bxc6 10. c4 Qe7 11. Qe1 c5 12. Nc3 c6 13. Na4 Be4 14. Rc1 Rd8 15. cxd5 cxd5 16. Bxa6 d4 17. Bb5+ Kf8 18. Be2 Bc6 19. exd4 Bxa4 20. bxa4 cxd4 21. Bxd4 Ba3 22. Qf2 Ne4 23. Qe3 Bxc1 24. Rxc1 Nd6 25. Bb6 Rd7 26. Bb5 Rb7 27. Bc5 Rb8 28. Qe5 Rd8 29. Bxd6 Rxd6 30. Rc8+ Rd8 31. Qb8 Qc5+ 32. Rxc5 Rxb8 33. a5 Ke7 34. Rc7+ Kd6 35. Rd7+ Kc5 36. a4 Rhd8 37. Rc7+ Kb4 38. a6 Rbc8 39. Rxf7 Rxd2 40. h3 Rdc2 41. Rxg7 R2c7 42. Rg6 1-0

[Event "Arximiro Penide Cedeira Memorial"]
[Site "Arteixo"]
[Date "2007.07.28"]
[Round "3"]
[White "Permuy Lorenzo, Carlos Javier"]
[Black "Iotov, Valentin Dimitrov"]
[Result "0-1"]
[WhiteElo "2326"]
[BlackElo "2502"]
[PlyCount "68"]
[EventDate "2007.07.26"]
[EventType "swiss"]
[EventRounds "9"]
[EventCountry "ESP"]
[SourceTitle "CBM 119 Extra"]
[Source "ChessBase"]
[SourceDate "2007.09.04"]
[SourceVersion "1"]
[SourceVersionDate "2007.09.04"]
[SourceQuality "1"]

1. e4 c5 2. Nf3 e6 3. d4 cxd4 4. Nxd4 Nc6 5. Nc3 Qc7 6. Be3 a6 7. f4 b5 8. Nxc6 Qxc6 9. Bd3 Bb7 10. Ne2 Bc5 11. Qd2 Nf6 12. Ng3 Ng4 13. Bxc5 Qxc5 14. h3 Ne3 15. Nf1 Nc4 16. Qc3 0-0 17. b3 Qa3 18. Qd4 Nb2 19. Be2 Rac8 20. Ne3 d5 21. Rb1 dxe4 22. Qxb2 Qb4+ 23. Kf2 Rc3 24. Rbd1 f5 25. Qc1 e5 26. g3 exf4 27. gxf4 Qe7 28. Qd2 Qh4+ 29. Kg2 Rc6 30. Nd5 Rg6+ 31. Kf1 Rg3 32. Qd4 Kh8 33. Qf2 e3 34. Qh2 Rxh3 0-1

[Event "Calvia op 2nd"]
[Site "Calvia"]
[Date "2005.10.27"]
[Round "8"]
[White "Permuy Lorenzo, Carlos Javier"]
[Black "Berg, Emanuel"]
[Result "0-1"]
[WhiteElo "2376"]
[BlackElo "2540"]
[PlyCount "79"]
[EventDate "2005.10.21"]
[EventType "swiss"]
[EventRounds "9"]
[EventCountry "ESP"]
[SourceTitle "EXT 2006"]
[Source "ChessBase"]
[SourceDate "2005.11.24"]
[SourceVersion "1"]
[SourceVersionDate "2005.11.24"]
[SourceQuality "1"]

1. f4 Nf6 2. Nf3 d6 3. Nc3 e5 4. e4 exf4 5. d4 d5 6. exd5 Nxd5 7. Nxd5 Qxd5 8. Bxf4 Bd6 9. Qe2+ Be6 10. Bxd6 Qxd6 11. Qb5+ Nc6 12. 0-0-0 0-0-0 13. Qa4 Bd5 14. Kb1 Kb8 15. Bc4 Bxf3 16. gxf3 Nxd4 17. Bxf7 Qf6 18. Bc4 Rd6 19. Rd3 Nxf3 20. Bd5 Rhd8 21. Qb3 Rxd5 22. Rxd5 Nd2+ 23. Rxd2 Rxd2 24. a3 Qd8 25. h4 b6 26. Qf3 Qd5 27. Qf8+ Kb7 28. Rc1 Rg2 29. Re1 g6 30. Qg7 Qc4 31. Rc1 Qxh4 32. c4 Qe4+ 33. Ka1 Rc2 34. Rxc2 Qxc2 35. Qd4 Qg2 36. b4 h5 37. a4 g5 38. a5 h4 39. b5 bxa5 40. Qd3 0-1

[Event "Calvia op 2nd"]
[Site "Calvia"]
[Date "2005.10.26"]
[Round "7"]
[White "Peralta, Fernando"]
[Black "Permuy Lorenzo, Carlos Javier"]
[Result "1-0"]
[WhiteElo "2538"]
[BlackElo "2376"]
[PlyCount "48"]
[EventDate "2005.10.21"]
[EventType "swiss"]
[EventRounds "9"]
[EventCountry "ESP"]
[SourceTitle "EXT 2006"]
[Source "ChessBase"]
[SourceDate "2005.11.24"]
[SourceVersion "1"]
[SourceVersionDate "2005.11.24"]
[SourceQuality "1"]

1. d4 g6 2. e4 c5 3. d5 Bg7 4. c4 d6 5. Nc3 Nf6 6. Nf3 0-0 7. Bd3 e5 8. Bg5 h6 9. Bd2 Nh5 10. g3 Na6 11. 0-0 Bh3 12. Re1 Nc7 13. a3 b6 14. Rb1 Bg4 15. Be2 Qe8 16. Qc1 g5 17. h3 Bd7 18. Nh2 Nf6 19. Ng4 Nxg4 20. hxg4 b5 21. cxb5 Bxb5 22. b4 cxb4 23. Nxb5 Nxb5 24. Bxb4 Rd8 1-0

[Event "Padron op"]
[Site "Padron"]
[Date "2002.08.29"]
[Round "8"]
[White "Permuy Lorenzo, Carlos Javier"]
[Black "Pina Vega, Sulennis"]
[Result "0-1"]
[WhiteElo "2300"]
[BlackElo "2303"]
[PlyCount "36"]
[EventDate "2002.08.22"]
[EventType "swiss"]
[EventRounds "9"]
[EventCountry "ESP"]
[SourceTitle "CBM 089 Extra"]
[Source "ChessBase"]
[SourceDate "2002.09.10"]
[SourceVersion "2"]
[SourceVersionDate "2002.09.10"]
[SourceQuality "1"]

1. e4 c5 2. Nf3 d6 3. d4 cxd4 4. Qxd4 Nc6 5. Bb5 Bd7 6. Bxc6 bxc6 7. c4 e5 8. Qd3 Be7 9. 0-0 Qc7 10. Nc3 Nf6 11. b3 0-0 12. h3 Rad8 13. Bg5 Be6 14. Rac1 Nh5 15. Be3 f5 16. Nd5 cxd5 17. cxd5 Qb7 18. Ng5 Bd7 0-1

[Event "Padron op"]
[Site "Padron"]
[Date "2002.08.24"]
[Round "3"]
[White "Mirzoev, Azer"]
[Black "Permuy Lorenzo, Carlos Javier"]
[Result "1/2-1/2"]
[WhiteElo "2498"]
[BlackElo "2300"]
[PlyCount "61"]
[EventDate "2002.08.22"]
[EventType "swiss"]
[EventRounds "9"]
[EventCountry "ESP"]
[SourceTitle "CBM 089 Extra"]
[Source "ChessBase"]
[SourceDate "2002.09.10"]
[SourceVersion "2"]
[SourceVersionDate "2002.09.10"]
[SourceQuality "1"]

1. d4 f5 2. g3 Nf6 3. Bg2 g6 4. c3 Bg7 5. Nh3 c6 6. Nf4 e6 7. h4 Rg8 8. Nd2 d6 9. Qb3 Qe7 10. Nc4 Nbd7 11. Nd3 e5 12. Qa3 c5 13. dxc5 dxc5 14. Be3 e4 15. Nxc5 Ng4 16. 0-0-0 Nxe3 17. Nd6+ Kf8 18. fxe3 Nxc5 19. Qxc5 Bf6 20. g4 fxg4 21. h5 Be6 22. hxg6 Rxg6 23. Rdf1 Kg8 24. Nxe4 Rc8 25. Nxf6+ Qxf6 26. Qh5 Qe7 27. Bd5 Rg7 28. e4 Bxd5 29. Qxd5+ Kh8 30. Rfg1 Re8 31. Qd4 1/2-1/2

[Event "Ferrol op 18th"]
[Site "Ferrol"]
[Date "2002.07.24"]
[Round "8"]
[White "Korneev, Oleg"]
[Black "Permuy Lorenzo, Carlos Javier"]
[Result "0-1"]
[WhiteElo "2583"]
[BlackElo "2300"]
[PlyCount "104"]
[EventDate "2002.07.17"]
[EventType "swiss"]
[EventRounds "9"]
[EventCountry "ESP"]
[SourceTitle "CBM 089 Extra"]
[Source "ChessBase"]
[SourceDate "2002.09.10"]
[SourceVersion "2"]
[SourceVersionDate "2002.09.10"]
[SourceQuality "1"]

1. e4 c5 2. Nf3 Nc6 3. d4 cxd4 4. Nxd4 g6 5. c4 Nf6 6. Nc3 Nxd4 7. Qxd4 d6 8. Be2 Bg7 9. Be3 0-0 10. Qd2 Qa5 11. f3 Be6 12. Rc1 Rfc8 13. b3 a6 14. Na4 Qxd2+ 15. Kxd2 Nd7 16. g4 Rc6 17. Rc2 Nc5 18. Nc3 a5 19. Nd5 Kf8 20. h4 h6 21. Rb1 Bc8 22. Rcc1 e6 23. Nc3 Bd7 24. Nb5 Ke7 25. Bd1 Rcc8 26. Nd4 Bf6 27. Bf2 Be5 28. Be3 Bf6 29. g5 hxg5 30. hxg5 Bxd4 31. Bxd4 e5 32. Be3 Rh8 33. Be2 Rh2 34. Rh1 Rah8 35. Rxh2 Rxh2 36. a3 Be6 37. Bg1 Rg2 38. Ke3 Rxg5 39. Bf2 Rh5 40. b4 axb4 41. axb4 Nd7 42. Rg1 Rh8 43. Ra1 Nb6 44. Ra7 Nxc4+ 45. Bxc4 Bxc4 46. Rxb7+ Ke6 47. b5 Ra8 48. Be1 Ra2 49. Bd2 f5 50. exf5+ gxf5 51. f4 exf4+ 52. Kd4 Bd5 0-1

[Event "Ferrol op 18th"]
[Site "Ferrol"]
[Date "2002.07.22"]
[Round "6"]
[White "Diaz Nunez, Adolfo"]
[Black "Permuy Lorenzo, Carlos Javier"]
[Result "0-1"]
[WhiteElo "2146"]
[BlackElo "2300"]
[PlyCount "80"]
[EventDate "2002.07.17"]
[EventType "swiss"]
[EventRounds "9"]
[EventCountry "ESP"]
[SourceTitle "CBM 089 Extra"]
[Source "ChessBase"]
[SourceDate "2002.09.10"]
[SourceVersion "2"]
[SourceVersionDate "2002.09.10"]
[SourceQuality "1"]

1. Nf3 g6 2. c4 Bg7 3. d4 f5 4. g3 Nf6 5. Bg2 0-0 6. 0-0 d6 7. Nc3 c6 8. Qc2 Na6 9. a3 Kh8 10. Rd1 Qe8 11. Re1 Qf7 12. b3 h6 13. Ra2 g5 14. e4 fxe4 15. Nxe4 Bg4 16. Re3 Qh5 17. Qd3 Nxe4 18. Qxe4 Bf5 19. Qxe7 Rf7 20. Qxd6 Rd7 21. g4 Bxg4 22. Qg3 Rf8 23. Rd2 Rf4 24. Rde2 Rdf7 25. Re8+ Kh7 26. Bxf4 gxf4 27. Qh4 Bxf3 28. Bxf3 Qxf3 29. R2e7 Qd1+ 30. Re1 Qxd4 31. Qh5 Qf6 32. Kh1 Qg6 33. Qf3 Nc5 34. b4 Nd7 35. R8e7 Rxe7 36. Rxe7 Qb1+ 37. Kg2 Qf5 38. Re4 Be5 39. Qe2 Nf6 40. f3 Nxe4 0-1

[Event "Nigran op"]
[Site "Nigran"]
[Date "1998.??.??"]
[Round "3"]
[White "Abella, Julio C"]
[Black "Permuy Lorenzo, Carlos Javier"]
[Result "1/2-1/2"]
[WhiteElo "2075"]
[BlackElo "2305"]
[PlyCount "110"]
[EventDate "1998.??.??"]
[EventType "swiss"]
[EventRounds "9"]
[EventCountry "ESP"]
[SourceTitle "EXT 2004"]
[Source "ChessBase"]
[SourceDate "2003.11.25"]
[SourceVersion "1"]
[SourceVersionDate "2003.11.25"]
[SourceQuality "1"]

1. e4 c5 2. Nf3 Nc6 3. d4 cxd4 4. Nxd4 g6 5. Nc3 Bg7 6. Be3 Nf6 7. Bc4 0-0 8. 0-0 Nxe4 9. Nxe4 d5 10. Nxc6 bxc6 11. Bd3 dxe4 12. Bxe4 Ba6 13. Qxd8 Rfxd8 14. Rfb1 Rac8 15. c3 Rc7 16. Rd1 Rb8 17. Rab1 f5 18. Bc2 c5 19. Bf4 e5 20. Bg5 h6 21. Rd8+ Rxd8 22. Bxd8 Rb7 23. b3 e4 24. c4 Rd7 25. Rd1 Bd4 26. Ba5 Kf7 27. Kf1 Ke6 28. h4 Bb7 29. Bd2 Rh7 30. Ke2 Bc6 31. Be3 Ke5 32. g3 g5 33. hxg5 hxg5 34. Bxg5 Be8 35. Bf4+ Ke6 36. Rf1 Bc3 37. g4 Rh3 38. gxf5+ Kxf5 39. Bd2 Bd4 40. f3 Rh2+ 41. Kd1 Bh5 42. Bxe4+ Ke5 43. Re1 Kf6 44. Bd5 Be5 45. Kc2 Bg6+ 46. Be4 Bf4 47. Rd1 Bxe4+ 48. fxe4 Ke5 49. Kc1 Bg3 50. Be3 Rxa2 51. Bxc5 Ra1+ 52. Kc2 Rxd1 53. Kxd1 a6 54. Kc2 Kxe4 55. b4 Bc7 1/2-1/2

[Event "Nigran op"]
[Site "Nigran"]
[Date "1998.??.??"]
[Round "6"]
[White "Adla, Diego Gustavo"]
[Black "Permuy Lorenzo, Carlos Javier"]
[Result "1-0"]
[WhiteElo "2425"]
[BlackElo "2305"]
[PlyCount "73"]
[EventDate "1998.??.??"]
[EventType "swiss"]
[EventRounds "9"]
[EventCountry "ESP"]
[SourceTitle "EXT 2004"]
[Source "ChessBase"]
[SourceDate "2003.11.25"]
[SourceVersion "1"]
[SourceVersionDate "2003.11.25"]
[SourceQuality "1"]

1. d4 f5 2. g3 g6 3. Bg2 Bg7 4. Nf3 d6 5. 0-0 Nf6 6. c4 0-0 7. Nc3 Qe8 8. b3 h6 9. Ba3 g5 10. Qd3 c6 11. Nd2 Qg6 12. e4 fxe4 13. Ndxe4 Bf5 14. Rae1 Nbd7 15. Qd2 Rae8 16. Re2 Nxe4 17. Nxe4 Nf6 18. Rfe1 Bg4 19. Re3 Bd7 20. Bb2 b6 21. b4 Ng4 22. R3e2 d5 23. h3 dxe4 24. hxg4 Qf7 25. d5 Bxb2 26. Qxb2 cxd5 27. cxd5 Bxg4 28. Rxe4 Bf5 29. R4e3 Bd7 30. Qd2 Qf6 31. Bf3 g4 32. Bd1 Kg7 33. Re4 h5 34. Re5 Bf5 35. Ba4 h4 36. Bxe8 Rxe8 37. Qf4 1-0